Statistiken für Welche Stadt in Österreich?

Klicken Sie hier um das Quiz zu spielen!

Allgemein

  • Dieses Quiz wurde 1.621 mal gespielt
  • Das Durchschnittsergebnis liegt bei 10 aus 20

Antwortstatistiken

BeschreibungBuchstabeStadt/Gemeinde% Korrekt
Die BundeshauptstadtWWien
100%
Die Olympischen Spiele wurden hier ausgetragenIInnsbruck
82%
Landeshauptstadt unter dem Uhrturm, an der MurGGraz
78%
Mozartstadt an der SalzachSSalzburg
78%
Friedens-, Kultur- und Stahlstadt, in der Torte mit Ribiselmarmelade und der Komponist Anton Bruckner omnipräsent sindLLinz
64%
Das Hahnenkammwochenende findet hier jährlich stattKKitzbühel
50%
Der lokale "Kirchtag" ist das größte Brauchtumsfest ÖsterreichsVVillach
48%
Der Lindwurm und Minimundus sind hier beheimatetKKlagenfurt
47%
Hier findet jährlich der Ski-Nachtslalom stattSSchladming
44%
Östliche Landeshauptstadt mit Schloss Esterházy und Haydn-MausoleumEEisenstadt
43%
Ort des größten Konzentrationslagers und heutiger GedenkstätteMMauthausen
42%
Westlichste Gemeinde Österreich und zweitgrößte Stadt VorarlbergsFFeldkirch
41%
Hier befindet sich der Flughafen der Bundeshauptstadt (VIE)SSchwechat
41%
Größte Stadt des westlichsten Bundeslandes mit berühmtem rotem HausDDornbirn
40%
Die Formel 1 gastiert hier am Red Bull RingSSpielberg
39%
Dieses von Übertourismus betroffene Dorf am See wurde in China nachgebautHHallstatt
38%
Diese Gemeinde teilt sich den Namen mit dem größten, vollständig in Österreich gelegenen SeeAAttersee am Attersee
31%
In dieser bedeudenten Kurstadt südlich der Hauptstadt befindet sich das ehemals größte Casino EuropasBBaden
31%
Ort des einzigen, nie betriebenen Kernkraftwerkes in ÖsterreichZZwentendorf
27%
Berühmter Wallfahrtsort in der Steiermark, dessen Fläche so groß ist wie die der BundeshauptstadtMMariazell
21%

Verteilung der Resultate

Perzentil nach korrekt beantworteten Fragen

Anzahl Personen mit jedem Resultat

Ihre Resultats-Entwicklung

Sie haben dieses Quiz noch nicht gespielt